Keres' best games of chess, 1931-1940 /

Bibliographic Details
Main Author: Keres, Paul, 1916-1975
Other Authors: Reinfeld, Fred, 1910-1964
Format: Book
Language:English
Published: Philadelphia, Penn. : David McKay Co., 1942.
Subjects:

MARC

Tag First Indicator Second Indicator Subfields
LEADER 00000cam a2200000 i 4500
001 in00000221213
005 20240319135137.0
008 771119s1942 paua 000 0 eng d
019 |a 1743141  |a 1297031281 
029 1 |a CHBIS  |b 006672412 
029 1 |a CHVBK  |b 176504753 
035 |a (OCoLC)ocm03431774  
035 |a (OCoLC)3431774  |z (OCoLC)1743141  |z (OCoLC)1297031281 
035 |a (OCoLC)ocm03431774  
040 |a DVP  |b eng  |c DVP  |d OCL  |d NLGGC  |d LVB  |d OCLCG  |d JPL  |d OKU  |d OCLCQ  |d OCLCF  |d OCLCQ  |d CHVBK  |d OCLCO  |d J9U  |d OCLCQ  |d OCLCO  |d OCLCL 
050 4 |a GV1451  |b .K37 1942 
082 0 4 |a 794.1  |b K 
084 |a 76.12  |2 bcl 
100 1 |a Keres, Paul,  |d 1916-1975.  |1 https://id.oclc.org/worldcat/entity/E39PBJpDRgbTctVrMmRmr7GGpP 
245 1 0 |a Keres' best games of chess, 1931-1940 /  |c Selected and annotated by Fred Reinfeld, with a preface by Paul Keres. 
260 |a Philadelphia, Penn. :  |b David McKay Co.,  |c 1942. 
300 |a 224 pages :  |b illustrations ;  |c 23 cm 
336 |a text  |b txt  |2 rdacontent 
337 |a unmediated  |b n  |2 rdamedia 
338 |a volume  |b nc  |2 rdacarrier 
650 0 |a Chess. 
650 6 |a Échecs (Jeu)  |x Recueils de parties. 
650 6 |a Échecs (Jeu) 
650 7 |a chess.  |2 aat 
650 7 |a Chess  |2 fast 
650 1 7 |a Schaken.  |2 gtt 
650 1 7 |a Grootmeesters.  |2 gtt 
600 1 7 |a Keres, Paul P.  |2 idszbz 
650 7 |a Fernschach.  |2 idszbz 
650 7 |a Schach.  |2 idszbz 
650 7 |a Schachturnier.  |2 idszbz 
650 7 |a Chess.  |2 nli 
700 1 |a Reinfeld, Fred,  |d 1910-1964.  |1 https://id.oclc.org/worldcat/entity/E39PBJfcKXCwdkQR49rYrgXw4q 
740 0 |a Best games of chess. 
758 |i has work:  |a Keres' best games of chess, 1931-1940 (Text)  |1 https://id.oclc.org/worldcat/entity/E39PCFTkvMGKRDRD3G8qM34xwC  |4 https://id.oclc.org/worldcat/ontology/hasWork 
776 0 8 |i Online version:  |a Keres, Paul, 1916-1975.  |t Keres' best games of chess, 1931-1940.  |d Philadelphia, Penn. : David McKay Co., 1942  |w (OCoLC)1293236028 
948 |h HELD BY TXA - 34 OTHER HOLDINGS 
994 |a Z0  |b TXA 
999 f f |s 9c5c84ad-c2c1-3499-9824-1488cbebd8b5  |i d2c6dc05-f4eb-3907-b842-e077909b5f45  |t 0 
952 f f |p ric  |a Texas A&M University  |b Rellis Campus  |c Joint Library Facility  |s JLF  |d Remote Storage  |t 0  |e GV1451 .K37  |h Library of Congress classification  |i unmediated -- volume  |m A14802490266